| 000 | 01511cab a2200205 4500 | ||
|---|---|---|---|
| 001 | L129763 | ||
| 008 | 050518n2005 000 0 eng u | ||
| 035 | _a(Sirsi) u129763 | ||
| 041 | _aeng | ||
| 100 | _aRowe, Mark | ||
| 245 | _aTurf war | ||
| 260 | _c2005 | ||
| 490 |
_aRegeneration and Renewal _v9 May 2005, 18-19(2) |
||
| 520 | _aLooks at the potential for conflict between developers and conservationists in the case of the Thames Gateway and whether the parties involved can pre-empt future clashes over green space. Contrasts the views and intentions expressed in the government green space strategy for the Thames Gateway " Creating sustainable communities: greening the Gateway" and the pro-nature declarations proposed in "London's life force- how to bring natural values to community strategies", a report published by the wildlife trusts London and English Nature in February 2005. Concludes that the nature conservation case will have to be argued strongly to preserve the Thames Gateway as one of the most valuable areas in environmental terms in southeast England. | ||
| 590 | _aIKA190505 | ||
| 690 | _aENVIRONMENTAL AND LAND CONSULTANCY-SUSTAINABILITY-SUSTAINABLE DEVELOPMENT | ||
| 856 |
_uhttps://www.communities.gov.uk/documents/regeneration/pdf/146685.pdf _zView Greening the Gateway free of charge at www.dclg.gov.uk... |
||
| 856 |
_uhttps://naturalengland.etraderstores.com/NaturalEnglandShop/LL1 _zView London's life force free of charge at www.naturalengland.org.uk |
||
| 942 | _n0 | ||
| 999 |
_c75258 _d75258 |
||